Broughton Puzzle Quiz - Statistics

General Stats
  • This quiz has been taken 5 times
  • The average score is 12 of 18
Answer Stats
Puzzle Hint Answer % Correct
X Byways Room(s) Cross Halls
100%
Female Monarch Protruding from Cardiac Muscles Black Tie Attire Queen of Hearts
100%
Vacation Precious Rock Healthful Living Class Holliday Gym
75%
Contained Scholarly Mandated Break Discipline In School Suspension
75%
Mars QW_RT Econ Mr. Elsaesser
75%
Venus Aquatic Organism-er Math Mrs. Fischer
75%
Feminine Burial Sites Dance Mrs. Graves
75%
Relating to Titan God of Fire Writing Space Technology Promethean Board
75%
Slow Pace Broom Motion Mrs. Corbett Tardy Sweep
75%
Doctrine Conceived from Intellectualism Ted Talks Theory of Knowledge
75%
Objects 3rd Season Divergently Sophomore English Things Fall Apart
75%
Global Farewell Speech Extended Essay International Baccalaureate
50%
XX #00ff00 Psychology Mrs. Greene
50%
Calm Avenue Enterprise Beer Peace Street Market
50%
Systematic Study Aviation Part Building Science Wing
50%
Virgin Woman of Nazareth Path Traffic St. Mary's Street
50%
Head Building Base Donation Capital Foundation
25%
Federal Reserve Economic Database Acronym Arrow Maker Stopping of a Car Lunch Location Fred Fletcher Park
25%
No matching quizzes found
Score Distribution
Percent of People with Each Score
Percentile by Number Answered
Your Score History
You have not taken this quiz